000 00212nam a2200097Ia 4500
008 170619s9999 xx 000 0 und d
100 _aAWAD
245 0 _aSYSTEMS ANALYSIS & DESIGN
260 _bGALGOTIA
260 _c2010
546 _aENGLISH
999 _c19393
_d19393